[Event "Florianopolis Winter U220 op"]
[Site "Florianopolis"]
[Date "2016.08.20"]
[Round "3"]
[White "Braz A, Daniel"]
[Black "Boeira, Dimitri Ariel Pires"]
[Result "0-1"]
[WhiteElo "1816"]
[BlackElo "1830"]
[PlyCount "54"]
[EventDate "2016.08.19"]
[EventType "swiss"]
[EventRounds "7"]
[EventCountry "BRA"]
[SourceTitle "CBM 174 Extra"]
[Source "ChessBase"]
[SourceDate "2016.10.10"]
[SourceVersion "1"]
[SourceVersionDate "2016.10.10"]
[SourceQuality "1"]

1. d4 e6 2. e4 d5 3. e5 c5 4. c3 Nc6 5. Nf3 Bd7 6. Be3 Nge7 7. Na3 Nf5 8. Bf4 cxd4 9. cxd4 Bb4+ 10. Bd2 Bxa3 11. bxa3 Nfxd4 12. Nxd4 Nxd4 13. Qg4 Nc2+ 14. Kd1 Nxa1 15. Qxg7 Ba4+ 16. Ke2 Rf8 17. Bb4 Kd7 18. Bxf8 Qxf8 19. Qxh7 Rc8 20. Qb1 Rc2+ 21. Ke1 Qxa3 22. Qxb7+ Kd8 23. Qb8+ Ke7 24. Qxa7+ Kf8 25. Qb8+ Kg7 26. Be2 Qc1+ 27. Bd1 Qd2+ 0-1

[Event "Florianopolis Winter U220 op"]
[Site "Florianopolis"]
[Date "2016.08.20"]
[Round "4"]
[White "Da Silva Junior, Marco Aurelio"]
[Black "Braz A, Daniel"]
[Result "1-0"]
[WhiteElo "1754"]
[BlackElo "1816"]
[PlyCount "71"]
[EventDate "2016.08.19"]
[EventType "swiss"]
[EventRounds "7"]
[EventCountry "BRA"]
[SourceTitle "CBM 174 Extra"]
[Source "ChessBase"]
[SourceDate "2016.10.10"]
[SourceVersion "1"]
[SourceVersionDate "2016.10.10"]
[SourceQuality "1"]

1. Nf3 d5 2. g3 Nc6 3. d4 Nf6 4. Bg2 Bf5 5. a3 Qd7 6. 0-0 e6 7. Nbd2 0-0-0 8. e3 Be7 9. c4 h5 10. c5 Ne4 11. Nxe4 Bxe4 12. b4 h4 13. Bd2 Bd3 14. Re1 hxg3 15. fxg3 f6 16. Bc3 Bc4 17. Bf1 Rdf8 18. Bxc4 dxc4 19. e4 Qe8 20. b5 Nd8 21. Qa4 Kb8 22. Qxc4 Qh5 23. Rf1 g5 24. Rf2 g4 25. Nd2 f5 26. d5 Rh7 27. exf5 Rxf5 28. Raf1 Rxd5 29. Ne4 Rf5 30. h4 gxh3 31. Kh2 Rxf2+ 32. Rxf2 Qd5 33. Qa4 Bxc5 34. Rd2 Bg1+ 35. Kxg1 h2+ 36. Kh1 1-0